Top 15 dei paesi con decessi Covid-19 - 13 giugno - Statistics

Statistiche generali
  • Questo quiz è stato fatto 5 volte
  • Il punteggio medio è 13 su 20
Statistiche sulle risposte
nazione % Corretto
Brasile
100%
Francia
100%
Italia
100%
Spagna
100%
Stati Uniti
100%
Germania
80%
India
80%
Messico
80%
Regno Unito
80%
Russia
80%
Canada
60%
Cile
60%
Belgio
40%
Iran
40%
Paesi Bassi
40%
Perù
40%
Svezia
40%
Svizzera
40%
Irlanda
20%
Ecuador
0%
Nessun quiz corrispondente trovato
Distribuzione punteggi
Percentuale di utenti per punteggio
Percentile per numero di risposta
I tuoi punteggi nel tempo
Non hai fatto questo quiz